00341nam a2200109Ia 4500008004100000020001800041040002900059050002400088100005900112245003400171260002600205221216s9999||||xx |||||||||||||| ||und|| a0-324-18320-8 cChuka University Library aHG 8051b .T73 2005 aTrieschmann, James S., Robert E. Hoyt, David W. Sommer 0aRisk management and insurance aThomsonbSydneyc2005